A discourse analysis of advertisement in terms of persuation strategies in English and Vietnamese
Introduction; Literature review and theoretical background; Methods and procedures...
Đã lưu trong:
| Tác giả chính: | |
|---|---|
| Tác giả khác: | |
| Định dạng: | Không biết |
| Ngôn ngữ: | English |
| Được phát hành: |
Đà Nẵng :
The University of Da Nang,
2012.
|
| Những chủ đề: | |
| Các nhãn: |
Thêm thẻ
Không có thẻ, Là người đầu tiên thẻ bản ghi này!
|
| Thư viện lưu trữ: | Mạng thư viện Đại học Đà Nẵng |
|---|
| LEADER | 02952na a2200397 4500 | ||
|---|---|---|---|
| 001 | 000030765 | ||
| 003 | 4481 | ||
| 005 | 20200915175247.0 | ||
| 008 | 151001s2012 000 eng | ||
| 040 | |a Lnn |c Lnn |d Lnn | ||
| 041 | 0 | |a eng | |
| 082 | 0 | 4 | |a 428 |b LE-A |
| 100 | 1 | |a Le, Thi Hoai An. | |
| 245 | 1 | 2 | |a A discourse analysis of advertisement in terms of persuation strategies in English and Vietnamese |h [Thesis-Luận văn thạc sĩ] / |c Le Thi Hoai An ; Ngũ Thiện Hùng hướng dẫn. |
| 260 | |a Đà Nẵng : |b The University of Da Nang, |c 2012. | ||
| 300 | |a 94 p. ; |c 29 cm. + |e 1 Abstract. | ||
| 500 | |a Master thesis in the English language. Field: The English language. Code: 60.22.15. | ||
| 520 | 3 | |a Introduction; Literature review and theoretical background; Methods and procedures... | |
| 630 | 0 | 4 | |a English language. |
| 650 | 0 | 4 | |a English language |x Discourse analysis. |
| 650 | 0 | 4 | |a Advertisement. |
| 700 | 1 | |a Ngũ, Thiện Hùng, |c Ph.D., |e Supervisor. | |
| OWN | |a LNN | ||
| 902 | |a lvths | ||
| AVA | |a UDN50 |b LNN |c English |d 428 LE-A |e available |t Error 5001 Not defined in file expand_doc_bib_avail. |f 1 |g 0 |h N |i 0 |j AN |k 1 | ||
| Z40 | 3 | |y A discourse analysis of advertisement in terms of persuation strategies in English and Vietnamese |l Library of UFL |t VIEW |x http://catalog.udn.vn:80/F?func=service&doc_library=UDN01&local_base=UDN01&doc_number=000030765&sequence=000001&line_number=0001&func_code=DB_RECORDS&service_type=MEDIA |f tomtat_000008653.pdf |e pdf |s 000604716 |k 20200922 |m NTMTHI | |
| Z40 | 3 | |y A discourse analysis of advertisement in terms of persuation strategies in English and Vietnamese |l Library of UFL |t VIEW |x http://catalog.udn.vn:80/F?func=service&doc_library=UDN01&local_base=UDN01&doc_number=000030765&sequence=000002&line_number=0002&func_code=DB_RECORDS&service_type=MEDIA |f LUANVANHOANCHINHSAUBAOVEdoc_000008655.pdf |e pdf |s 002136894 |k 20200922 |m NTMTHI | |
| 999 | |a From the UDN01 | ||
| AVA | |a UDN50 |b LNN |c English |d 428 LE-A |e available |t Error 5001 Not defined in file expand_doc_bib_avail. |f 1 |g 0 |h N |i 0 |j AN |k 1 | ||
| TYP | |a Printed language | ||
| 856 | |y A discourse analysis of advertisement in terms of persuation strategies in English and Vietnamese |l Library of UFL |t VIEW |x http://catalog.udn.vn:80/F?func=service&doc_library=UDN01&local_base=UDN01&doc_number=000030765&sequence=000001&line_number=0001&func_code=DB_RECORDS&service_type=MEDIA |f tomtat_000008653.pdf |e pdf |s 000604716 |k 20200922 |m NTMTHI | ||
| 856 | |y A discourse analysis of advertisement in terms of persuation strategies in English and Vietnamese |l Library of UFL |t VIEW |x http://catalog.udn.vn:80/F?func=service&doc_library=UDN01&local_base=UDN01&doc_number=000030765&sequence=000002&line_number=0002&func_code=DB_RECORDS&service_type=MEDIA |f LUANVANHOANCHINHSAUBAOVEdoc_000008655.pdf |e pdf |s 002136894 |k 20200922 |m NTMTHI | ||
| 980 | |a Mạng thư viện Đại học Đà Nẵng | ||